000 00324 a2200145 4500
001 45580
020 _a8570263996
040 _cAnchieta - Aquarius
240 1 0 _aNova enciclopédia Barsa
_lpor
245 1 0 _aNova enciclopédia Barsa
300 _a506
362 0 _a1997
650 4 _aEspanholas e portuguesas
942 _cBK
999 _c45580
_d45580